| 000 | 00962nam a22002175i 4500 | ||
|---|---|---|---|
| 001 | 154838 | ||
| 003 | ES-MaACL | ||
| 005 | 20230906205855.0 | ||
| 008 | 990603s1880 sp c |||| | spa d | ||
| 040 |
_aCCPB | B _bspa _cCCPB | B |
||
| 100 | 1 |
_aGüell y Ferrer, Juan ( _d1800-1872) _9127737 |
|
| 245 | 1 | 0 |
_aEscritos económicos / _cdel Excmo. Sr. D. Juan Güell y Ferrer ; con una introducción por D. Adolfo Blanch ; publicados por la Comisión Ejecutiva nombrada para erigir un monumento a Güell y Ferrer. |
| 260 |
_aBarcelona : _b[s.n.], _c1880 ( _fImprenta Barcelonesa) |
||
| 300 |
_aLXVII, 1069 p., [1] h. de lam. ; _c29 cm. |
||
| 597 | 1 | _aAntep. | |
| 599 | 1 | _aRetrato Juan Güell y Ferrer en v. de antep. | |
| 600 | 1 | 4 |
_aGüell y Ferrer, Juan ( _d1800-1872)- _xPensamiento económico. _9127738 |
| 700 | 0 |
_aBlanch, Adolfo. _929128 |
|
| 710 | 2 |
_aComisión Ejejcutiva del Monumento a Güell y Ferrer. _9134277 |
|
| 852 |
_aES-MaACL _jF-3997 _z-- Enc. hol. |
||
| 999 |
_c154838 _d154838 |
||